Alexander the conqueror the epic story of the warrior king

محفوظ في:

المؤلف الرئيسي: foreman, laura

التنسيق: كتاب

اللغة: Undetermined

منشور في: Cambridge Da Capo Press 2004

الموضوعات:

الوسوم: إضافة وسم

لا توجد وسوم, كن أول من يضع وسما على هذه التسجيلة!

رقم الطلب: (L)DF234 .F67

LEADER 00716nam a2200193Ia 4500
008 221124s9999||||xx |||||||||||||| ||und||
020 |a 030-681-293-2 
050 4 |a (L)DF234 .F67 
100 1 |a foreman, laura 
245 1 0 |a Alexander the conqueror   |b the epic story of the warrior king 
264 1 |a Cambridge  |b Da Capo Press  |c 2004 
300 |a 211.P  |b chiefly color  |c 26CM. 
504 |a "A tehabi book" 
650 4 |a  Greece History Macedonian Expansion, 359-323 B.C 
650 4 |a Greece Kings and rulers Biography 
650 4 |a Greece Kings and rulers Biography 
942 |2 lcc  |c BK 
952 |0 0  |1 0  |2 lcc  |4 0  |7 1  |9 44047  |a ARCE  |b ARCE  |d 2022-11-24  |l 0  |o (L)DF234 .F67  |p 1020273  |r 2022-11-24 00:00:00  |w 2022-11-24  |y BK 
999 |c 50504  |d 50504